000 00588nam a2200169Ia 4500
008 180921t2018 xxu||||| |||| 00| 0 sin d
041 _asin
080 _a8-31
_bඩොයිල්
100 _aඩොයිල්, ආතර් කොනන්
245 _aමරණීය ලියුමේ අභිරහස
260 _bගුණසේන
_aකොළඹ
_c2018
300 _aසෙ.මි.14, පි.35
700 _aනිරංජන් චාමින්ද කරුණාතිලක
_eපරි.
942 _cBK
999 _c11766
_d11766
003 LK-CoDNM
040 _aLK-CoDNM
_dLK-CoDNM
_eLK-CoDNM